Spracovanie a ukladanie rádioaktívnych odpadov (Processing and storage of radioactive waste) [CD-ROM] : Bakalárska práca

Gespeichert in:
Bibliographische Detailangaben
1. Verfasser: Kozel, Boris, 1985- (Verfasst von)
Weitere Verfasser: Urban, František, 1952- (xxx)
Format: Manuskript Buch
Sprache:Slowakisch
Veröffentlicht: Bratislava : STU v Bratislave SjF, 2008
Schlagworte:
Tags: Tag hinzufügen
Keine Tags, Fügen Sie das erste Tag hinzu!

MARC

LEADER 00000ntm a22000003a 4500
001 stu181435
005 20150617225604.3
008 090312s2008----xo------------------slo-d
040 |a STU  |b slo 
041 0 |a slo 
044 |a xo 
100 1 |a Kozel, Boris,  |d 1985-  |4 aut  |u J0030  |9 100  |U SjF Strojnícka fakulta  |T SjF Ústav dopravnej techniky a konštruovania  |X 26781  |U J0030  |Y 806  |7 A000026781 
245 1 |a Spracovanie a ukladanie rádioaktívnych odpadov (Processing and storage of radioactive waste) [CD-ROM] :  |b Bakalárska práca 
260 |a Bratislava :  |b STU v Bratislave SjF,  |c 2008 
300 |a 75 s 
650 7 |a rádioaktivita  |2 stusub 
650 7 |a odpad  |2 stusub 
650 7 |a radioactivity  |2 estusub 
700 1 |a Urban, František,  |d 1952-  |4 xxx  |u J0060  |U SjF Strojnícka fakulta  |T SjF Ústav tepelnej energetiky  |X 2435  |U J0060  |Y 805  |7 A000002435 
996 |b 284J035264  |c J*264/BP  |l JJSK  |s A  |a 24  |w stu181435_0001